| 000 | 00984nam a2200277 i 4500 | ||
|---|---|---|---|
| 001 | bg | ||
| 100 | 1 | _aPlebankiewicz, Edyta. | |
| 245 | 1 | 0 |
_aPodstawy kosztorysowania robót budowlanych : _bmateriały pomocnicze do zajęć z przedmiotów: kosztorysowanie, normowanie i kosztorysowanie / _cEdyta Plebankiewicz. |
| 260 |
_aKraków : _bWydawnictwo PK, _c2007. |
||
| 300 |
_a81 s. ; _c24 cm. |
||
| 490 | 1 | _aPomoc Dydaktyczna / Politechnika Krakowska im. Tadeusza Kościuszki | |
| 504 | _aBibliogr. s. 80-81. | ||
| 650 | 9 |
_aBudownictwo _xkoszty |
|
| 650 | 9 |
_aBudownictwo _xnormalizacja |
|
| 655 | _aMateriały pomocnicze dla szkół wyższych | ||
| 830 | 0 | _aPomoce Dydaktyczne - Politechnika Krakowska im. Tadeusza Kościuszki | |
| 015 | _aPB 16992/2007 | ||
| 020 | _a9788372424143 | ||
| 040 | _cBPK | ||
| 041 | _apol | ||
| 044 | _aPOL | ||
| 080 | _a69:657.47:006.3/.8](075.8) | ||
| 920 | _a978-83-7242-414-3 | ||
| 942 | _cKS | ||
| 008 | 070704s2007 pl f f |000 0 pol | ||
| 999 |
_c55024 _d55024 |
||
| 856 |
_uhttp://koha.tu.koszalin.pl/cgi-bin/koha/opac-detail.pl?biblionumber=55024 _yKatalog online BPK |
||